000 00325nam a22001217a 4500
040 _cHS
082 _a823
100 _aកែវ គឹមហុង
245 _a Silkworm rearing ការចិញ្ចឹមដង្កូវនាង
260 _aRUA
_bកែវ គឹមហុង
_c2011
300 _a63p;
942 _cKB
999 _c9460
_d9460